| 000 | 00854cam a2200241 a 4500 | ||
|---|---|---|---|
| 001 | 000010662 | ||
| 005 | 20200929162250.0 | ||
| 008 | 021125s1996 xxua 001 0 spa d | ||
| 020 | _a020165363X | ||
| 040 |
_aDO-SdBNP _bspa _cLC _dBNPHU |
||
| 082 |
_a621.381 _bA328f |
||
| 100 | 1 |
_aAlbella, José María _925830 |
|
| 245 | 1 | 0 |
_aFundamentos de electrónica física y microelectrónica / _cJ. M. Albella, J. M. Martínez-Duart. |
| 260 |
_aWilmington, Estados Unidos : _bAddison-Wesley Iberoamericana ; _aMadrid : _bUniversidad Autónoma de Madrid, _c1996. |
||
| 300 |
_axvi, 476 p. : _bil. ; _c24 cm. |
||
| 500 | _aIncluye índice de materias. | ||
| 650 | 4 |
_aIngeniería electrónica _925831 |
|
| 650 | 4 |
_aMicroelectrónica _925832 |
|
| 650 | 4 |
_aCircuitos eléctricos _925833 |
|
| 910 | _aCatalogación por copia / LC | ||
| 910 | _aWM | ||
| 049 | _aBNGR | ||
| 999 |
_c10417 _d10417 |
||